000 00356nam a2200133Ia 4500
008 231129s1985||||xx |||||||||||||| ||spa||
020 _a84-8280-811-7
082 _aGOR- 223
100 _aRoa Bastos Augusto
245 0 _aYo el supremo
260 _c1985
264 _aColombia: Oveja Negra 1985
942 _2ddc
_cBKS
999 _c26510
_d26510